<?xml version="1.0" encoding="UTF-8"?>
<collection xmlns="http://www.loc.gov/MARC21/slim">
 <record>
  <leader>00498nam a22001575a 4500</leader>
  <controlfield tag="001">EHU.bham001663</controlfield>
  <controlfield tag="003">AR-BHAM</controlfield>
  <controlfield tag="005">20070319172131.0</controlfield>
  <controlfield tag="008">130507s1969##################000#0#####d</controlfield>
  <datafield tag="082" ind1="3" ind2="2">
   <subfield code="a">320.1</subfield>
  </datafield>
  <datafield tag="100" ind1="1" ind2=" ">
   <subfield code="a">Mastrorilli, Carlos P.</subfield>
  </datafield>
  <datafield tag="245" ind1="1" ind2="0">
   <subfield code="a">El poder politico :</subfield>
   <subfield code="b">elementos de analisis politico /</subfield>
   <subfield code="c">Carlos P. Mastrorilli.</subfield>
  </datafield>
  <datafield tag="260" ind1=" " ind2=" ">
   <subfield code="a">Buenos Aires :</subfield>
   <subfield code="b">C. Perez,</subfield>
   <subfield code="c">1969</subfield>
  </datafield>
  <datafield tag="300" ind1=" " ind2=" ">
   <subfield code="a">93 p.</subfield>
  </datafield>
  <datafield tag="653" ind1=" " ind2=" ">
   <subfield code="a">Politica-teorias de la</subfield>
  </datafield>
  <datafield tag="859" ind1=" " ind2=" ">
   <subfield code="a">AR-BHAM</subfield>
   <subfield code="b">BIB. HUMANIDADES - General</subfield>
   <subfield code="h">320.1</subfield>
   <subfield code="i">M395</subfield>
   <subfield code="p">576.71</subfield>
   <subfield code="t">Ej.1</subfield>
  </datafield>
 </record>
</collection>
